[Event "Chorzow op 45th"]
[Site "Chorzow"]
[Date "2009.03.28"]
[Round "1"]
[White "Kostowski, Andrzej"]
[Black "Janiszewski, Maciej"]
[Result "0-1"]
[WhiteElo "1846"]
[BlackElo "2093"]
[PlyCount "72"]
[EventDate "2009.03.28"]
[EventType "swiss"]
[EventRounds "9"]
[EventCountry "POL"]
[SourceTitle "CBM 129 Extra"]
[Source "ChessBase"]
[SourceDate "2009.05.05"]
[SourceVersion "2"]
[SourceVersionDate "2009.05.20"]
[SourceQuality "1"]

1. d4 Nc6 2. Nf3 d5 3. g3 f6 4. e3 e5 5. c3 Bg4 6. Be2 Qd7 7. Nh4 Bh3 8. Bf1 0-0-0 9. a3 e4 10. Nd2 g5 11. Ng2 h5 12. Nb3 Nh6 13. Bd2 Qf5 14. Qe2 a6 15. Bc1 Bg4 16. Qd2 Bf3 17. h3 h4 18. Nc5 hxg3 19. fxg3 Bd6 20. Qf2 Nf7 21. Kd2 Rh6 22. Kc2 Qh7 23. h4 Bxc5 24. dxc5 d4 25. Bc4 Nfe5 26. Be6+ Kb8 27. Kb1 Nd3 28. Qc2 Nxc5 29. Ba2 d3 30. Qd2 Ne5 31. Rg1 f5 32. b4 Ne6 33. Bb3 Be2 34. Ne1 f4 35. Ka2 f3 36. Bb2 f2 0-1

[Event "Rowy op-A 17th"]
[Site "Rowy"]
[Date "2008.06.20"]
[Round "7.27"]
[White "Zarow, Elzbieta"]
[Black "Kostowski, Andrzej"]
[Result "0-1"]
[WhiteElo "1537"]
[BlackElo "1862"]
[PlyCount "80"]
[EventDate "2008.06.14"]
[EventType "swiss"]
[EventRounds "9"]
[EventCountry "POL"]
[SourceTitle "EXT 2023"]
[Source "ChessBase"]
[SourceDate "2022.10.05"]
[SourceVersion "1"]
[SourceVersionDate "2022.10.05"]
[SourceQuality "1"]

1. Nf3 c5 2. e4 Nc6 3. c4 g6 4. Nc3 Bg7 5. Be2 b6 6. b3 Nd4 7. Rb1 e6 8. 0-0 Nh6 9. Nxd4 cxd4 10. Nb5 0-0 11. d3 a6 12. Na3 Qe7 13. Nc2 e5 14. Ba3 d6 15. Nb4 Bb7 16. Nd5 Bxd5 17. exd5 Rfd8 18. Bc1 f5 19. f4 Nf7 20. fxe5 Bxe5 21. Rf3 Re8 22. Rb2 a5 23. Bf1 Kg7 24. Re2 Qf6 25. g4 f4 26. Qe1 g5 27. h3 Rh8 28. Rh2 h5 29. Qe4 hxg4 30. hxg4 Rxh2 31. Kxh2 Nh6 32. Bh3 Rh8 33. Kg2 Qd8 34. a4 Qc8 35. Bxf4 gxf4 36. g5 Ng4 37. Kg1 Rh4 38. Qe1 Qh8 39. Kg2 Ne3+ 40. Kf2 Rxh3 0-1

[Event "Rowy op-A 17th"]
[Site "Rowy"]
[Date "2008.06.19"]
[Round "6.21"]
[White "Kostowski, Andrzej"]
[Black "Galicki, Ryszard"]
[Result "0-1"]
[WhiteElo "1862"]
[BlackElo "2026"]
[PlyCount "67"]
[EventDate "2008.06.14"]
[EventType "swiss"]
[EventRounds "9"]
[EventCountry "POL"]
[SourceTitle "EXT 2023"]
[Source "ChessBase"]
[SourceDate "2022.10.05"]
[SourceVersion "1"]
[SourceVersionDate "2022.10.05"]
[SourceQuality "1"]

1. Nf3 c5 2. c4 Nf6 3. Nc3 d5 4. cxd5 Nxd5 5. e3 Nb4 6. d4 cxd4 7. exd4 Bf5 8. Bb5+ N8c6 9. Bxc6+ bxc6 10. 0-0 e6 11. Bf4 Be7 12. a3 Nd3 13. Qd2 Nxf4 14. Qxf4 g5 15. Qe3 f6 16. Rfc1 Rb8 17. b4 a5 18. Ne4 axb4 19. axb4 Bxe4 20. Qxe4 Qd5 21. Qxd5 cxd5 22. Re1 g4 23. Nh4 Kf7 24. Ra7 Rhe8 25. Rb1 Rb5 26. f4 Reb8 27. f5 e5 28. dxe5 fxe5 29. Rf1 Kf6 30. Rc1 Bxb4 31. Rc6+ Kg5 32. Rg7+ Kf4 33. g3+ Ke3 34. Rxg4 0-1

[Event "Rowy op-A 17th"]
[Site "Rowy"]
[Date "2008.06.17"]
[Round "4.22"]
[White "Sidlo, Andrzej"]
[Black "Kostowski, Andrzej"]
[Result "0-1"]
[WhiteElo "2023"]
[BlackElo "1862"]
[PlyCount "88"]
[EventDate "2008.06.14"]
[EventType "swiss"]
[EventRounds "9"]
[EventCountry "POL"]
[SourceTitle "EXT 2023"]
[Source "ChessBase"]
[SourceDate "2022.10.05"]
[SourceVersion "1"]
[SourceVersionDate "2022.10.05"]
[SourceQuality "1"]

1. e4 Nc6 2. Bc4 e6 3. a3 Nf6 4. d3 h6 5. Nc3 a6 6. e5 Nxe5 7. Ba2 Ng6 8. Nf3 b6 9. 0-0 Bb7 10. Re1 Be7 11. d4 0-0 12. d5 Bd6 13. g3 Ne7 14. dxe6 dxe6 15. Nh4 Qd7 16. f3 Rad8 17. Be3 Qc6 18. Qe2 Rfe8 19. Qc4 Qd7 20. Rad1 Qc8 21. Qe2 Qa8 22. Rf1 Nf5 23. Nxf5 exf5 24. Qf2 Be5 25. Rd2 Rxd2 26. Bxd2 c5 27. Be3 Bc6 28. Bc4 Nh5 29. f4 Bxc3 30. bxc3 Nf6 31. h3 Ne4 32. Qh2 Nxc3 33. Bc1 b5 34. Bd3 c4 35. Bd2 cxd3 36. Bxc3 Re2 37. Rf2 Qa7 38. cxd3 Rc2 39. Be1 Qe3 40. Kf1 Qxd3+ 41. Kg1 Rxf2 42. Qxf2 Qe4 43. Qd2 Bd5 44. Qc3 Qg2# 0-1

[Event "Rowy op-A 17th"]
[Site "Rowy"]
[Date "2008.06.14"]
[Round "1.9"]
[White "Kazek, Krzysztof"]
[Black "Kostowski, Andrzej"]
[Result "1/2-1/2"]
[WhiteElo "2114"]
[BlackElo "1862"]
[PlyCount "49"]
[EventDate "2008.06.14"]
[EventType "swiss"]
[EventRounds "9"]
[EventCountry "POL"]
[SourceTitle "EXT 2023"]
[Source "ChessBase"]
[SourceDate "2022.10.05"]
[SourceVersion "1"]
[SourceVersionDate "2022.10.05"]
[SourceQuality "1"]

1. Nf3 d5 2. d4 Nf6 3. c4 e6 4. g3 c5 5. cxd5 Nxd5 6. Bg2 Nc6 7. 0-0 cxd4 8. Nxd4 Be7 9. Nxc6 bxc6 10. a3 Bb7 11. Qc2 Qc8 12. Nd2 0-0 13. Nc4 Bf6 14. e4 Nb6 15. Na5 e5 16. b4 Rd8 17. Bb2 Qc7 18. Rad1 Rxd1 19. Rxd1 Rb8 20. a4 Ba8 21. b5 c5 22. Nc4 Nxc4 23. Qxc4 h6 24. Ba3 Be7 25. Bf1 1/2-1/2

[Event "POL-chT4 Slaskie"]
[Site "Poland"]
[Date "2008.04.13"]
[Round "6.27"]
[White "Plotecki, Jan"]
[Black "Kostowski, Andrzej"]
[Result "1-0"]
[WhiteElo "1970"]
[BlackElo "1862"]
[PlyCount "64"]
[EventDate "2008.02.10"]
[EventType "team-swiss"]
[EventRounds "9"]
[EventCountry "POL"]
[SourceTitle "EXT 2019"]
[Source "ChessBase"]
[SourceDate "2018.10.10"]
[SourceVersion "1"]
[SourceVersionDate "2018.10.10"]
[SourceQuality "1"]

1. d4 e6 2. Nf3 d5 3. c4 c6 4. Nc3 Nf6 5. Bg5 Be7 6. e3 h6 7. Bh4 Nbd7 8. Rc1 dxc4 9. Bxc4 Nd5 10. Bg3 Nxc3 11. bxc3 Qa5 12. 0-0 b5 13. Bb3 Bb7 14. e4 Rd8 15. Qe2 0-0 16. Rfd1 Nf6 17. Ne5 Nd7 18. c4 Nxe5 19. Bxe5 Bd6 20. Bxd6 Rxd6 21. c5 Rd7 22. d5 exd5 23. exd5 Qd8 24. Qf3 Qe7 25. d6 Qd8 26. Re1 Qg5 27. Qe3 Qf6 28. Qe5 Qd8 29. Re3 Kh8 30. Bc2 Qg5 31. Qxg5 hxg5 32. Rh3+ Kg8 1-0

[Event "Chorzow op"]
[Site "Chorzow"]
[Date "2008.04.01"]
[Round "6"]
[White "Kostowski, Andrzej"]
[Black "Noga, Jozef"]
[Result "0-1"]
[WhiteElo "1862"]
[BlackElo "2102"]
[PlyCount "66"]
[EventDate "2008.03.29"]
[EventType "swiss"]
[EventRounds "9"]
[EventCountry "POL"]
[SourceTitle "EXT 2010"]
[Source "ChessBase"]
[SourceDate "2010.11.25"]
[SourceVersion "1"]
[SourceVersionDate "2010.11.25"]
[SourceQuality "1"]

1. Nf3 d5 2. b3 c5 3. d4 Nf6 4. Bb2 e6 5. e3 Nc6 6. g3 cxd4 7. Nxd4 Bb4+ 8. c3 Be7 9. Bd3 0-0 10. 0-0 h5 11. Nf3 e5 12. Be2 e4 13. Nd4 Bh3 14. Re1 Ne5 15. Nd2 Bg4 16. Bxg4 Nfxg4 17. h3 Nd3 18. hxg4 Nxb2 19. Qe2 Nd3 20. Rf1 hxg4 21. Qxg4 Ne5 22. Qh5 Bf6 23. Kg2 g6 24. Qh2 Kg7 25. Rh1 Rh8 26. Qg1 Qd7 27. Qf1 Rxh1 28. Kxh1 Rh8+ 29. Kg1 Qc8 30. Rc1 Nd3 31. Rc2 Bxd4 32. exd4 Qf5 33. a4 Qh5 0-1